01057nam a2200217 a 450000100100000000500170001000800410002704000250006810000350009324501270012826000370025530000270029270000350031970000390035470000310039371000690042495201060049395201110059995201120071099900170082200003799020250221073755.0130311s2004 dr a 000 0 spa d aDO-SdBNPbspacBNPHU1 aDespradel, Carlosd1942-9928010aCompendio de estadísticas socio demográficas 2002 /cCarlos Despradel, Pedro L. Féliz Jiménez, Adriano Brand Lora. aSanto Domingo :b(ONE),c[20--]. a79 p. :bil. ;c26 cm.1 aDespradel, Carlosd1942-992801 aFéliz Jiménez, Pedro L.9643981 aBrand Lora, Adriano9643991 aRepública Dominicana.bOficina Nacional de Estadística95775 00107-18PDaPDbPDcOId2013-03-11iLF1l0o p37990-10r2020-06-25w2020-06-25yLFPDZNo se presta 0010728PDaPDbPDcOId2013-03-11iLF1l0o p37990-20r2020-06-25te. 2w2020-06-25yLFPDZNo se presta 00107-18DSaPDbPDcOId2013-03-11iLF1l0o p37990-30r2020-06-25te. 3w2020-06-25yLFDSZNo se presta c37480d37480